000 00674nam a22002177a 4500
005 20170124105909.0
010 _aB-216489
020 _a9788176487436
035 _aB-216489
037 _bCen Lib/Ret
040 _aDPL
_bEN
082 _a530.92
_bAGA
100 _aAgarwal, Arun
_910007
245 _aNovel prize winners in physics /
_c by Arun Agarwal
260 _aNew Delhi
_bA P H Publishing Corporation
_c2008
270 _a4435-36/7, Ansari Road, Darya Ganj
_bNew Delhi
_e110002
300 _ax, 331p. :
_bill.
_c24cm(Hb)
650 _aPhysics-noble Lauretes
_910008
650 _aPhysicst-noble prizes
_910009
942 _2ddc
_cEN
_h530.92
_mAGA
999 _c122401
_d122401